New developments in biotechnology
Guardado en:
| Formato: | Libro |
|---|---|
| Lenguaje: | Undetermined |
| Publicado: |
New York
Office of Technology Assessment
1987
|
| Materias: | |
| Etiquetas: |
Agregar Etiqueta
Sin Etiquetas, Sea el primero en etiquetar este registro!
|
| Thư viện lưu trữ: | Trung tâm Học liệu Trường Đại học Cần Thơ |
|---|
| LEADER | 00463nam a2200157Ia 4500 | ||
|---|---|---|---|
| 001 | CTU_80009 | ||
| 008 | 210402s9999 xx 000 0 und d | ||
| 082 | |a 339.5 | ||
| 082 | |b N532/Vol.1 | ||
| 245 | 0 | |a New developments in biotechnology | |
| 260 | |a New York | ||
| 260 | |b Office of Technology Assessment | ||
| 260 | |c 1987 | ||
| 650 | |a Biotechnology,Cells lines,Human tissues | ||
| 904 | |i Trọng Hải | ||
| 980 | |a Trung tâm Học liệu Trường Đại học Cần Thơ | ||